[Event "Nordic School-chT"]
[Site "Pandrup"]
[Date "2010.09.12"]
[Round "5.3"]
[White "Luning, Hanna"]
[Black "Fyhn, Thomas Rossander"]
[Result "1-0"]
[WhiteElo "1622"]
[BlackElo "1422"]
[PlyCount "29"]
[EventDate "2010.09.10"]
[EventType "team-tourn"]
[EventRounds "5"]
[EventCountry "DEN"]
[SourceTitle "EXT 2018"]
[Source "ChessBase"]
[SourceDate "2017.10.13"]
[SourceVersion "1"]
[SourceVersionDate "2017.10.13"]
[SourceQuality "1"]
[WhiteTeam "Sweden"]
[BlackTeam "Denmark"]
[WhiteTeamCountry "SWE"]
[BlackTeamCountry "DEN"]

1. c4 Nf6 2. Nc3 d5 3. cxd5 Nxd5 4. e4 Nb4 5. d4 e6 6. Be3 Be7 7. Bc4 c6 8. a3 N4a6 9. Nf3 b6 10. Ne5 Bb7 11. Qh5 0-0 12. Qg4 Re8 13. Bxe6 fxe6 14. Qxe6+ Kh8 15. Nf7+ 1-0